National Parks with State/Territory High Points - Statistics

General Stats
  • This quiz has been taken 7 times
    6 since last reset
  • The average score is 5 of 6
Answer Stats
National Park % Correct
Denali
100%
Mount Rainier
100%
Guadalupe Mountains
83%
Sequoia
83%
American Samoa
50%
Great Smoky Mountains
50%
No matching quizzes found
Score Distribution
Percent of People with Each Score
Percentile by Number Answered
Your Score History
You have not taken this quiz since the last reset